Pokemonattacken der 1. Generation - Statistiken

Allgemein
  • Dieses Quiz wurde 1.748 mal gespielt
  • Das Durchschnittsergebnis liegt bei 75 aus 165
Antwortstatistiken
Antwort % Korrekt
Donner
95%
Tackle
93%
Fliegen
89%
Surfer
88%
Aquaknarre
86%
Glut
85%
Donnerblitz
84%
Flammenwurf
84%
Psychokinese
81%
Blitz
80%
Zerschneider
79%
Eisstrahl
76%
Erdbeben
76%
Heuler
76%
Blubber
75%
Kratzer
75%
Donnerschock
74%
Rankenhieb
74%
Stärke
73%
Hydropumpe
72%
Feuersturm
71%
Rasierblatt
71%
Schlafpuder
70%
Biss
69%
Schaufler
69%
Flügelschlag
68%
Blubbstrahl
67%
Steinwurf
67%
Giftpuder
66%
Ruckzuckhieb
66%
Donnerschlag
64%
Hyperstrahl
64%
Hypnose
64%
Rutenschlag
64%
Solarstrahl
64%
Donnerwelle
63%
Giftstachel
63%
Konfusion
63%
Blizzard
62%
Drachenwut
61%
Silberblick
61%
Feuerschlag
60%
Härtner
59%
Schnabel
59%
Stachelspore
58%
Fadenschuss
57%
Bodyslam
56%
Psystrahl
56%
Steinhagel
56%
Egelsamen
55%
Eishieb
55%
Geowurf
55%
Megasauger
55%
Absorber
54%
Feuerwirbel
54%
Karateschlag
54%
Platscher
51%
Toxin
51%
Sandwirbel
50%
Wickel
50%
Bodycheck
49%
Megahieb
49%
Schlitzer
49%
Windstoß
49%
Gesang
48%
Schlecker
48%
Megakick
47%
Teleport
47%
Erholung
46%
Kaskade
46%
Explosion
45%
Pfund
45%
Agilität
44%
Finale
44%
Hornattacke
44%
Hornbohrer
44%
Risikotackle
44%
Geofissur
43%
Traumfresser
43%
Wandler
43%
Aurorastrahl
42%
Einigler
42%
Bohrschnabel
41%
Genesung
41%
Klammer
41%
Konfustrahl
41%
Superschall
41%
Turmkick
41%
Wirbelwind
41%
Furienschlag
40%
Fußkick
40%
Brüller
39%
Doppelteam
39%
Kratzfurie
39%
Slam
39%
Blutsauger
38%
Doppelkick
38%
Ultraschall
38%
Hyperzahn
37%
Nachtnebel
37%
Amnesie
36%
Duplexhieb
36%
Kopfnuss
36%
Metronom
36%
Stampfer
36%
Kreideschrei
35%
Smog
35%
Zahltag
35%
Psywelle
34%
Schwerttanz
34%
Superzahn
34%
Klammergriff
33%
Panzerschutz
33%
Säure
33%
Schlammbad
33%
Triplette
33%
Duonadel
32%
Geduld
32%
Himmelsfeger
32%
Eierbombe
31%
Lichtschild
31%
Reflektor
31%
Schädelwumme
31%
Guillotine
30%
Rauchwolke
30%
Sternschauer
30%
Weichei
30%
Giftblick
29%
Raserei
29%
Überroller
29%
Umklammerung
28%
Barriere
27%
Giftwolke
27%
Komprimator
27%
Weißnebel
27%
Delegator
26%
Nadelrakete
26%
Aussetzer
25%
Fuchtler
25%
Blättertanz
24%
Dunkelnebel
24%
Knochmerang
24%
Mimikry
24%
Sprungkick
24%
Verzweifler
24%
Pilzspore
23%
Psykraft
23%
Todeskuss
23%
Klingensturm
22%
Knochenkeule
22%
Kometenhieb
22%
Fegekick
21%
Krabbhammer
21%
Wachstum
21%
Energiefokus
20%
Konter
20%
Stakkato
20%
Dornkanone
19%
Säurepanzer
18%
Schnapper
18%
Spiegeltrick
18%
Schärfer
17%
Umwandlung
17%
Irrschlag
15%
Meditation
11%
Keine übereinstimmenden Quizze gefunden
Verteilung der Resultate
Anzahl Personen mit jedem Resultat
Perzentil nach korrekt beantworteten Fragen
Ihre Resultats-Entwicklung
Sie haben dieses Quiz noch nicht gespielt